Music Quiz

Random Music or Song Quiz

Complete the '80s Song... With a Picture Quiz Stats

 Plays Quiz Updated Mar 17, 2019

Support Sporcle.
Go Orange.
Score 0/20 Timer 05:00
0 Plays Today
% Correct
Eye of the TIGER
97.6%
Another One BITES
the Dust
97.1%
Every Rose Has Its THORN
96.8%
Total ECLIPSE of the Heart
96.5%
We Didn't Start the FIRE
96.3%
Every BREATH You Take
95.6%
Livin' on a PRAYER
95.6%
Pour Some SUGAR on Me
94.5%
TIME After TIME
94%
DANCING in the Dark
92.4%
% Correct
Our Lips Are SEALED
91.2%
MONEY for Nothing
90.7%
Red Red WINE
90%
BLUE Monday
87.9%
Little Red CORVETTE
86.1%
Rock Me AMADEUS
84.9%
Master of PUPPETS
78.8%
Radio Free EUROPE
78%
867-5309|JENNY
76.2%
Hungry Like the WOLF
69.2%

You're not logged in!

Compare scores with friends on all Sporcle quizzes.
OR
Log In

From the Vault

Just Be Close: Geography Edition

by senordingdong

This is one of those games where close is good enough.
Remove Ads.
Support Sporcle.
Get the best of Sporcle when you Go Orange. This ad-free experience offers more features, more stats, and more fun while also helping to support Sporcle. Thank you for becoming a member.

Show Comments

Extras

Top Quizzes Today


Score Distribution

Your Account Isn't Verified!

In order to create a playlist on Sporcle, you need to verify the email address you used during registration. Go to your Sporcle Settings to finish the process.

Report this User

Report this user for behavior that violates our Community Guidelines.

Details: